Giáo trình công tác đội thiếu niên tiền phong và nhi đồng Hồ Chí Minh Dành cho sinh viên ngành Giáo dục Tiểu học
Cung cấp những kiến thức cơ bản về lý luận, nghiệp vụ và phương pháp công tác đội Thiếu niên Tiền phong Hồ Chí Minh và Nhi đồng Hồ Chí Minh
Tallennettuna:
| Muut tekijät: | , , , |
|---|---|
| Aineistotyyppi: | Kirja |
| Kieli: | Vietnamese |
| Julkaistu: |
H.
Đại học Sư phạm
2009
|
| Aiheet: | |
| Tagit: |
Lisää tagi
Ei tageja, Lisää ensimmäinen tagi!
|
| Thư viện lưu trữ: | Mạng thư viện Đại học Đà Nẵng |
|---|
| LEADER | 01638aam a22003858a 4500 | ||
|---|---|---|---|
| 001 | 000016683 | ||
| 003 | 13086 | ||
| 005 | 20121204091221.0 | ||
| 008 | 121204s2009 viesd | ||
| 020 | |c 37000đ |d 1000b | ||
| 041 | 0 | |a vie | |
| 082 | 1 | 4 | |2 14 |a 371.89 |b Gia |
| 245 | 1 | 0 | |a Giáo trình công tác đội thiếu niên tiền phong và nhi đồng Hồ Chí Minh |b Dành cho sinh viên ngành Giáo dục Tiểu học |c B.s.: Bùi Sỹ Tụng (ch.b.), Nguyễn Vân Hương, Trần Quốc Thành.. |
| 260 | |a H. |b Đại học Sư phạm |c 2009 | ||
| 300 | |a 207 tr. |b tranh vẽ |c 24 cm. | ||
| 504 | |a Thư mục: tr. 206-207 | ||
| 520 | |a Cung cấp những kiến thức cơ bản về lý luận, nghiệp vụ và phương pháp công tác đội Thiếu niên Tiền phong Hồ Chí Minh và Nhi đồng Hồ Chí Minh | ||
| 650 | 7 | |2 Bộ TK TVQG |a Công tác đội | |
| 650 | 7 | |2 Bộ TK TVQG |a Đội TNTP Hồ Chí Minh | |
| 650 | 7 | |2 Bộ TK TVQG |a Nhi đồng | |
| 655 | 7 | |2 Bộ TK TVQG |a Giáo trình | |
| 700 | 1 | |a Phạm Văn Thanh |e b.s. | |
| 700 | 1 | |a Nguyễn Vân Hương |e b.s. | |
| 700 | 1 | |a Bùi Sỹ Tụng |e ch.b. | |
| 700 | 1 | |a Trần Quốc Thành |e b.s. | |
| OWN | |a LSP | ||
| AVA | |a UDN50 |b LSP |d 371.89 Gia |e available |t Error 5001 Not defined in file expand_doc_bib_avail. |f 5 |g 1 |h N |i 0 |k 1 | ||
| 999 | |a From the UDN01 | ||
| AVA | |a UDN50 |b LSP |d 371.89 Gia |e available |t Error 5001 Not defined in file expand_doc_bib_avail. |f 5 |g 1 |h N |i 0 |k 1 | ||
| TYP | |a Monograph | ||
| TYP | |a Printed language | ||
| 980 | |a Mạng thư viện Đại học Đà Nẵng | ||